Metodología de las ciencias sociales.

Αποθηκεύτηκε σε:
Λεπτομέρειες βιβλιογραφικής εγγραφής
Κύριος συγγραφέας: Kaufmann, Felix (autor)
Μορφή: Βιβλίο
Γλώσσα:Ισπανικά
Θέματα:
Ετικέτες: Προσθήκη ετικέτας
Δεν υπάρχουν, Καταχωρήστε ετικέτα πρώτοι!

MARC

LEADER 00000cam^a2200000uu^4500
001 000469597
005 20250521000000.0
008 050901s1986^^^^^^^^^^^^rd^r^^000^0^spa^d
009 20260310124539.249
022 |a 9681622197 
035 |a FCE 000012353 
035 |a FCE 010331 
037 |a Acervo ITESO - Biblioteca 
041 |a spa 
082 0 4 |a 300  |b KAUm 
100 |a Kaufmann, Felix  |e (autor) 
245 1 0 |a Metodología de las ciencias sociales. 
264 |a México :  |b FCE,  |c 1986. 
300 |a 428 p. 
336 |a texto  |b txt  |2 rdacontenido 
337 |a sin mediación  |b n  |2 rdamedio 
338 |a volumen  |b nc  |2 rdasoporte 
649 |a XX 
650 |a Teoría 
650 |a Ciencias sociales 
650 |a Valores 
650 |a Metodología 
650 |a Ciencia 
910 |a Fondo Centro de Estudios Educativos 
920 |a Impresos - Libros 
930 |a Fondos Especiales 
905 |a 133 
901 |a ALE010331  |b IT2  |c CEE  |u 20250521 
901 |a ALE068557  |b IT2  |c CEE  |u 20250521 
902 |a https://opac.biblio.iteso.mx/vufind/Record/000469597